[Event "OLNO 2324 SC Empor Potsdam - SC Weisse D"]
[Site "?"]
[Date "2024.04.28"]
[Round "9.7"]
[White "Kyritz, Michael"]
[Black "Marwitz, Tino"]
[Result "1/2-1/2"]
[WhiteElo "2166"]
[BlackElo "1990"]
[PlyCount "101"]
[EventDate "2024.??.??"]

1. d4 Nf6 2. c4 g6 3. Nc3 Bg7 4. e4 d6 5. f3 O-O 6. Be3 e5 7. Nge2 Nbd7 8. d5 Ne8 9. Qd2 f5 10. O-O-O Ndf6 11. h3 a6 12. g4 f4 13. Bf2 b5 14. c5 dxc5 15. Bxc5 Nd6 16. b3 Nd7 17. Bf2 a5 18. Kb1 a4 19. Nc1 Ba6 20. Nd3 axb3 21. axb3 b4 22. Nxb4 Bxf1 23. Nc6 Qf6 24. Rhxf1 Ra6 25. Kb2 Nb6 26. Qd3 Rfa8 27. Ra1 Rxa1 28. Rxa1 Rxa1 29. Kxa1 Ndc8 30. Nb5 Qf7 31. Ka2 Bf6 32. Bc5 h5 33. Ba3 hxg4 34. hxg4 Qd7 35. Bb2 Nd6 36. Na3 Nf7 37. Nc4 Nxc4 38. Qxc4 Nd6 39. Qa4 Qh7 40. Qa8+ Kg7 41. Qb8 Kh6 42. Nxe5 Kg5 43. Qf8 Qh2 44. Nd3 Bxb2 45. Nxb2 Qd2 46. Qe7+ Kh6 47. Qxc7 Nb5 48. g5+ Kxg5 49. Qd8+ Kh5 50. Qh8+ Kg5 51. Qd8+ 1/2-1/2